10 Best and Worst Indian States by GDP per capita - Statistics

General Stats
  • This quiz has been taken 87 times
  • The average score is 13 of 19
Answer Stats
GDP per capita (INR) State % Correct
₹430,081 Goa
92%
₹66,512 Uttar Pradesh
86%
₹204,105 Kerala
85%
₹40,982 Bihar
83%
₹358,430 Delhi
83%
₹195,845 Gujarat
81%
₹380,926 Sikkim
75%
₹82,837 Assam
74%
₹212,477 Karnataka
72%
₹204,488 Telangana
72%
₹90,165 Madhya Pradesh
71%
₹236,147 Haryana
69%
₹73,155 Jharkhand
67%
₹75,226 Manipur
65%
₹99,196 Odisha
64%
₹92,413 Chhattisgarh
61%
₹89,024 Meghalaya
49%
₹220,461 Puducherry
49%
₹198,738 Uttrakhand
8%
No matching quizzes found
Score Distribution
Percent of People with Each Score
Percentile by Number Answered
Your Score History
You have not taken this quiz